Hodnotové orientácie európskych manažérov

Efektívnosť manažérskej práce. Hodnotové preferencie manažéra. Vplyv kultúry danej krajiny na hodnotový systém ľudí.

Salvato in:
Dettagli Bibliografici
Autore principale: Ištvaniková, Lucia
Altri autori: Frankovský, Miroslav
Natura: Capitolo di libro
Lingua:slovacco
Soggetti:
Tags: Aggiungi Tag
Nessun Tag, puoi essere il primo ad aggiungerne!!

MARC

LEADER 00000naa a2200000 4500
001 0146544
005 20231204093032.8
041 0 |a slo 
044 |a SK 
245 1 0 |a Hodnotové orientácie európskych manažérov  |c Lucia Ištvaniková, Miroslav Frankovský 
520 |a Efektívnosť manažérskej práce. Hodnotové preferencie manažéra. Vplyv kultúry danej krajiny na hodnotový systém ľudí. 
610 2 0 |a manažéri 
610 2 0 |a efektívnosť ekonomická 
610 2 0 |a Európa 
610 2 0 |a zvyklosti kultúrne 
610 2 0 |a analýza ekonomická 
610 2 0 |a orientácia profesionálna 
100 1 |a Ištvaniková, Lucia 
700 1 |a Frankovský, Miroslav